Small Countries on a Map (A-Z) Quiz Stats

 Plays Quiz Updated Jul 5, 2015

Challenge
Share
Tweet
Score 0/24 Timer 03:00
6 Plays Today
% Correct
Haiti
92.8%
Fiji
92.2%
Jamaica
91.5%
Oman
91.1%
Israel
89.8%
Qatar
89.6%
Monaco
89.2%
El Salvador
87.5%
Liechtenstein
86.2%
Rwanda
86.1%
Barbados
84.2%
Vatican City
82.6%
% Correct
Dominica
82.2%
Yemen
82.1%
Antigua and Barbuda
81.1%
San Marino
80.8%
Comoros
79.8%
United Arab Emirates
79.8%
Kiribati
78.9%
Zimbabwe
78.3%
Nauru
77.6%
Palau
76.3%
Grenada
75.8%
Tuvalu
72.2%

You're not logged in!

Compare scores with friends on all Sporcle quizzes.
Join for Free
OR
Log In

You Might Also Like...

Show Comments

Extras

Top Quizzes Today


Score Distribution

Your Account Isn't Verified!

In order to create a playlist on Sporcle, you need to verify the email address you used during registration. Go to your Sporcle Settings to finish the process.

Report this User

Report this user for behavior that violates our Community Guidelines.

Details: